[Event "Serpukhov Rating"]
[Site "Serpukhov"]
[Date "2007.04.26"]
[Round "9"]
[White "Kudris, Vladislav"]
[Black "Kadieva, Nonna"]
[Result "1/2-1/2"]
[WhiteElo "1906"]
[BlackElo "2059"]
[PlyCount "23"]
[EventDate "2007.04.19"]
[EventType "tourn"]
[EventRounds "10"]
[EventCountry "RUS"]
[SourceTitle "EXT 2022"]
[Source "ChessBase"]
[SourceDate "2021.10.06"]
[SourceVersion "1"]
[SourceVersionDate "2021.10.06"]
[SourceQuality "1"]

1. d4 Nf6 2. c4 e6 3. Nf3 b6 4. Bg5 Bb7 5. e3 Be7 6. Nc3 d6 7. Bxf6 Bxf6 8. Bd3 Nd7 9. Rc1 c5 10. Be4 Bxe4 11. Nxe4 Be7 12. 0-0 1/2-1/2

[Event "Serpukhov Rating"]
[Site "Serpukhov"]
[Date "2007.04.20"]
[Round "2"]
[White "Kadieva, Nonna"]
[Black "Scherbakova, Alisa"]
[Result "0-1"]
[WhiteElo "2059"]
[BlackElo "1989"]
[PlyCount "74"]
[EventDate "2007.04.19"]
[EventType "tourn"]
[EventRounds "10"]
[EventCountry "RUS"]
[SourceTitle "EXT 2022"]
[Source "ChessBase"]
[SourceDate "2021.10.06"]
[SourceVersion "1"]
[SourceVersionDate "2021.10.06"]
[SourceQuality "1"]

1. d4 d5 2. c4 c6 3. e3 Nf6 4. Nc3 e6 5. a3 Nbd7 6. Qc2 Be7 7. Nf3 0-0 8. Bd3 dxc4 9. Bxc4 b5 10. Be2 Bb7 11. 0-0 a6 12. Rd1 Qc7 13. b3 c5 14. Bb2 Rac8 15. Qd2 Rfd8 16. Rac1 Qb6 17. Qe1 Bc6 18. dxc5 Bxc5 19. b4 Bf8 20. Nd4 Bb7 21. Bf3 Ne5 22. Bxb7 Qxb7 23. Qe2 Nc4 24. Nb3 Rxd1+ 25. Nxd1 Nd5 26. g3 Rc7 27. Nc3 Nf6 28. h3 Ne5 29. Nd4 Ne8 30. Nd1 Nc4 31. Nb3 e5 32. Nc3 Qc8 33. Kh2 Nxa3 34. Bxa3 Rxc3 35. Rb1 Rc2 36. Qf3 Ra2 37. Bb2 Qc2 0-1